Наследие Чернобыля. Вып. 4: 20 лет спустя (Запись № 747675)

Подробности
000 -МАРКЕР
контрольное поле 02594nam2a2200361 4500
001 - ИДЕНТИФИКАТОР ЗАПИСИ
контрольное поле RU\NLR\bibl\1041801
005 - ИДЕНТИФИКАТОР ВЕРСИИ
контрольное поле 20260407152835.0
010 ## - МЕЖДУНАРОДНЫЙ СТАНДАРТНЫЙ НОМЕР КНИГИ (ISBN)
Номер (ISBN) 5-901968-12-3
Тираж 100
021 ## - НОМЕР ГОСУДАРСТВЕННОЙ РЕГИСТРАЦИИ
Код страны Российская Федерация
Номер 2006-82990
Номер Листа государственной регистраци 4201
035 ## - ДРУГИЕ СИСТЕМНЫЕ НОМЕРА
Идентификатор записи (NLR Aleph) 001029192
100 ## - ДАННЫЕ ОБЩЕЙ ОБРАБОТКИ
Данные общей обработки 20070207d2006 |||y0rusy50 ca
101 0# - ЯЗЫК РЕСУРСА
Язык текста, звукозаписи и т.д. русский
102 ## - СТРАНА ПУБЛИКАЦИИ ИЛИ ПРОИЗВОДСТВА
Страна публикации Российская Федерация
105 ## - ПОЛЕ КОДИРОВАННЫХ ДАННЫХ: ТЕКСТОВЫЕ МАТЕРИАЛЫ, МОНОГРАФИЧЕСКИЕ
Кодированные данные о монографическом текстовом документе a |||||||||
200 1# - ЗАГЛАВИЕ И СВЕДЕНИЯ ОБ ОТВЕТСТВЕННОСТИ
Основное заглавие 20 лет спустя
Сведения, относящиеся к заглавию материалы научно-практической конференции "Медико-психологические, радиоэкологические и социально-экономические аспекты ликвидации последствий аварии на Чернобыльской АЭС", Калуга, 20 апреля 2006 года
Первые сведения об ответственности под ред. А.Ф. Цыба [и др.]
210 ## - ПУБЛИКАЦИЯ, РАСПРОСТРАНЕНИЕ И ДР.
Дата издания, распространения и т.д. 2006
Место издания, распространения и т.д. Б. м.
215 ## - ФИЗИЧЕСКАЯ ХАРАКТЕРИСТИКА
Специфическое обозначение материала и объем 199,[1] с.
Другие сведения о физической характеристике ил.
300 ## - ОБЩИЕ ПРИМЕЧАНИЯ
Текст примечания В надзаг.: ... М-во здравоохранения и социал. развития Калуж. обл. ...
320 ## - ПРИМЕЧАНИЯ О НАЛИЧИИ В ДОКУМЕНТЕ БИБЛИОГРАФИИ / УКАЗАТЕЛЯ
Текст примечания Библиогр. науч. работ по мед. последствиям аварии на ЧАЭС (информ. база дан. МРНЦ РАМН), 2001-2005 гг. / Холтынская С.К. [и др.]: с. 190-200
320 ## - ПРИМЕЧАНИЯ О НАЛИЧИИ В ДОКУМЕНТЕ БИБЛИОГРАФИИ / УКАЗАТЕЛЯ
Текст примечания Библиогр. в конце докл.
461 #0 - УРОВЕНЬ НАБОРА
Встроенное поле 001RU\NLR\bibl\244014
-- 2001#$aНаследие Чернобыля$vВып. 4
Системный номер (АБИС) связанной записи 1397820
Место публикации Калуга
Дата публикации 2001
Первые сведения об ответственности [Редкол.: В.А. Игнатов (пред.) и др.]
Имя издателя, распространителя и т.д. Облиздат
Заглавие Наследие Чернобыля
Номер тома Вып. 4
606 1# - НАИМЕНОВАНИЕ ТЕМЫ КАК ПРЕДМЕТ
Наименование темы Участники ликвидации аварии на Чернобыльской АЭС
Формальный подзаголовок Съезды, совещания и т.п.
Тематический подзаголовок Здоровье
Системный номер авторитетной/нормативной записи 2136461
Идентификатор авторитетной/нормативной записи RU\NLR\auth\661288226
606 1# - НАИМЕНОВАНИЕ ТЕМЫ КАК ПРЕДМЕТ
Наименование темы Радиология сельскохозяйственная
Формальный подзаголовок Съезды, совещания и т.п.
Системный номер авторитетной/нормативной записи 1597587
Идентификатор авторитетной/нормативной записи RU\NLR\auth\661001285
686 ## - ИНДЕКСЫ ДРУГИХ КЛАССИФИКАЦИЙ
Индекс Р11(2)08я431(2)
686 ## - ИНДЕКСЫ ДРУГИХ КЛАССИФИКАЦИЙ
Индекс П015я431(2)
702 #1 - ИМЯ ЛИЦА - ВТОРИЧНАЯ ОТВЕТСТВЕННОСТЬ
Код отношения Редактор
Материалы, к которым относится поле rus
Графика поля Кириллица
Начальный элемент ввода Цыб
Часть имени, кроме начального элемента ввода А. Ф.
Расширение инициалов личного имени Анатолий Федорович
Идентификатор авторитетной/нормативной записи RU\NLR\auth\7714336
Системный номер авторитетной/нормативной записи 124009
711 12 - НАИМЕНОВАНИЕ ОРГАНИЗАЦИИ - АЛЬТЕРНАТИВНАЯ ОТВЕТСТВЕННОСТЬ
Начальный элемент ввода "Медико-психологические, радиоэкологические и социально-экономические аспекты ликвидации последствий аварии на Чернобыльской АЭС", научно-практическая конференция
Дата проведения временной организации 2006
Место проведения временной организации Калуга
Идентификатор авторитетной/нормативной записи RU\NLR\AUTH\8810093301
Системный номер авторитетной/нормативной записи 687793
801 #0 - ИСТОЧНИК ЗАПИСИ
Страна Российская Федерация
Организация NLR
Дата составления 20070207
Правила каталогизации RCR
801 #1 - ИСТОЧНИК ЗАПИСИ
Страна Российская Федерация
Организация NLR
Дата составления 20070207
942 ## - ДОПОЛНИТЕЛЬНЫЕ ЭЛЕМЕНТЫ ЗАПИСИ (АБИС)
Тип экземпляра АБИС Книга
980 ## - КОЛЛЕКЦИЯ
Название коллекции Национальная библиография
Экземпляры
Тип экземпляра Дата поступления Источник поступления Библиотека постоянного хранения Библиотека текущего хранения Место хранения Шифр хранения Штрих-код Статус экземпляра
Книга 07.02.2007 Обязательный экземпляр РНБ (Московский) РНБ (Московский) Русский книжный фонд: издания с 1957 года 2002-3/1940 2356846  
Книга 07.02.2007 Обязательный экземпляр РНБ (Московский) РНБ (Московский) Русский книжный фонд: издания с 1957 года 2002-3/1940 2356847